Wird geladen...

1975 Adiyantharavasthayuda Ormapusthakam

Bibliographische Detailangaben
1. Verfasser: Shanavas, M I
Format: Printed Book
Sprache:Undetermined
Veröffentlicht: Cochin : Pranatha Books,
LEADER 00427nam a2200133Ia 4500
008 200324s9999 xx 000 0 und d
082 |a 8M4  |b SHA-A 
100 |a Shanavas, M I 
245 0 |a 1975 Adiyantharavasthayuda Ormapusthakam 
260 |a Cochin :  |b Pranatha Books, 
300 |a 313p. 
942 |c BK 
999 |c 281779  |d 281779 
952 |0 0  |1 0  |4 0  |6 8M4_SHAA  |7 0  |9 300324  |a SDE  |b SDE  |d 2010-10-29  |l 0  |o 8M4 SHA-A  |p SDE17447  |r 2020-03-27  |w 2020-03-27  |y BK